[Event "Ïåðâåíñòâî Ìîñêâû ïî øàõìàòàì 2015 ñðåäè ìàëü÷èêîâ (Ì19)"]
[Site "Moscow"]
[Date "2015.11.18"]
[Round "7.7"]
[White "Âèõàðåâ, Àëåêñåé"]
[Black "Ãàëÿåâ, Èâàí"]
[Result "0-1"]
[WhiteElo "2055"]
[BlackElo "1976"]
[PlyCount "0"]
[EventDate "2015.11.12"]

1. e4 {[%clk 1:29:49]} c5 {[%clk 1:30:55]} 2. c3 {[%clk 1:30:06]} Nf6
{[%clk 1:31:14]} 3. e5 {[%clk 1:29:16]} Nd5 {[%clk 1:31:31]} 4. d4
{[%clk 1:29:42]} cxd4 {[%clk 1:31:49]} 5. Nf3 {[%clk 1:30:06]} Nc6
{[%clk 1:32:11]} 6. cxd4 {[%clk 1:30:32]} d6 {[%clk 1:32:31]} 7. Bc4
{[%clk 1:31:00]} Nb6 {[%clk 1:32:37]} 8. Bb3 {[%clk 1:31:28]} d5 {[%clk 1:31:18]}
9. h3 {[%clk 1:29:00]} Bf5 {[%clk 1:31:14]} 10. Nc3 {[%clk 1:29:18]} e6
{[%clk 1:31:19]} 11. O-O {[%clk 1:28:52]} Be7 {[%clk 1:31:04]} 12. Be3
{[%clk 1:25:33]} g5 {[%clk 1:28:36]} 13. Nh2 {[%clk 1:19:32]} h5 {[%clk 1:27:36]}
14. f4 {[%clk 1:16:34]} gxf4 {[%clk 1:26:15]} 15. Bxf4 {[%clk 1:16:57]} Rg8
{[%clk 1:21:38]} 16. Kh1 {[%clk 1:15:19]} a6 {[%clk 1:15:46]} 17. Bc2
{[%clk 1:07:03]} Nxd4 {[%clk 1:12:35]} 18. Bxf5 {[%clk 1:07:31]} Nxf5
{[%clk 1:12:59]} 19. Qxh5 {[%clk 1:07:54]} d4 {[%clk 1:10:01]} 20. Ne4
{[%clk 1:00:41]} Qd5 {[%clk 1:05:41]} 21. Rae1 {[%clk 1:01:06]} Nc4
{[%clk 1:02:30]} 22. Ng4 {[%clk 1:01:25]} O-O-O {[%clk 1:02:29]} 23. Rf2
{[%clk 0:52:55]} Rh8 {[%clk 0:59:58]} 24. Qxf7 {[%clk 0:53:20]} Rdf8
{[%clk 1:00:03]} 25. Qg6 {[%clk 0:53:36]} Rfg8 {[%clk 1:00:18]} 26. Qxg8+
{[%clk 0:53:31]} Rxg8 {[%clk 1:00:39]} 27. Ngf6 {[%clk 0:53:41]} Bxf6
{[%clk 0:58:38]} 28. Nxf6 {[%clk 0:54:06]} Qa5 {[%clk 0:57:52]} 29. Rc1
{[%clk 0:52:03]} Rd8 {[%clk 0:55:14]} 30. Rxc4+ {[%clk 0:51:32]} Kb8
{[%clk 0:55:39]} 31. Bd2 {[%clk 0:45:00]} Qxa2 {[%clk 0:55:24]} 32. Rb4
{[%clk 0:45:30]} Qb1+ {[%clk 0:54:52]} 33. Kh2 {[%clk 0:45:57]} Qd3
{[%clk 0:54:06]} 34. Nh5 {[%clk 0:43:06]} b5 {[%clk 0:52:48]} 35. Nf4
{[%clk 0:43:21]} Qg3+ {[%clk 0:52:06]} 36. Kg1 {[%clk 0:43:50]} Rg8
{[%clk 0:45:51]} 37. Nxe6 {[%clk 0:44:13]} Ne3 {[%clk 0:46:14]} 38. Rxd4
{[%clk 0:43:52]} Nxg2 {[%clk 0:44:30]} 39. Rd8+ {[%clk 0:43:51]} Rxd8
{[%clk 0:44:52]} 40. Rxg2 {[%clk 0:44:16]} Qxg2+ {[%clk 0:45:05]} 41. Kxg2
{[%clk 0:44:36]} Rxd2+ {[%clk 0:45:30]} 42. Kf3 {[%clk 0:44:44]} Rxb2
{[%clk 0:45:50]} 43. Nc5 {[%clk 0:45:07]} Rc2 {[%clk 0:38:19]} 44. Nxa6+
{[%clk 0:43:50]} Kb7 {[%clk 0:37:46]} 45. Nb4 {[%clk 0:44:01]} Rc4
{[%clk 0:38:05]} 46. e6 {[%clk 0:42:33]} Kc7 {[%clk 0:38:02]} 47. Nd5+
{[%clk 0:42:43]} Kd8 {[%clk 0:38:21]} 48. h4 {[%clk 0:39:24]} b4 {[%clk 0:36:32]}
49. Ne3 {[%clk 0:33:14]} Rxh4 {[%clk 0:35:31]} 50. Ke2 {[%clk 0:33:15]} b3
{[%clk 0:35:50]} 51. Kd2 {[%clk 0:32:57]} Rh2+ {[%clk 0:36:04]} 52. Kc1
{[%clk 0:33:10]} Ke7 {[%clk 0:35:58]} 53. Nf5+ {[%clk 0:32:57]} Kxe6
{[%clk 0:35:59]} 54. Nd4+ {[%clk 0:33:19]} Kd5 {[%clk 0:36:25]} 55. Nxb3
{[%clk 0:33:43]} Kc4 {[%clk 0:36:51]} 56. Nd2+ {[%clk 0:29:30]} Kd3
{[%clk 0:36:23]} 57. Nf3 {[%clk 0:29:07]} Ra2 {[%clk 0:32:58]} 58. Ne5+
{[%clk 0:26:51]} Ke3 {[%clk 0:29:40]} 59. Nc4+ {[%clk 0:25:26]} Kd4
{[%clk 0:30:02]} 60. Nb2 {[%clk 0:23:40]} Kc3 {[%clk 0:30:19]} 61. Nd1+
{[%clk 0:24:02]} Kb3 {[%clk 0:30:39]} 62. Ne3 {[%clk 0:23:58]} Re2
{[%clk 0:30:51]} 63. Nd1 {[%clk 0:18:55]} Rc2+ {[%clk 0:31:14]} 64. Kb1
{[%clk 0:19:24]} Rc8 {[%clk 0:27:43]} 65. Ne3 {[%clk 0:18:57]} Kc3
{[%clk 0:26:54]} 66. Nd1+ {[%clk 0:16:45]} Kd2 {[%clk 0:27:15]} 67. Nf2
{[%clk 0:15:56]} Rc4 {[%clk 0:27:12]} 68. Nh3 {[%clk 0:13:43]} Rb4+
{[%clk 0:27:24]} 69. Ka2 {[%clk 0:14:10]} Kc2 {[%clk 0:27:46]} 0-1

[Event "Ïåðâåíñòâî Ìîñêâû ïî øàõìàòàì 2015 ñðåäè ìàëü÷èêîâ (Ì19)"]
[Site "Moscow"]
[Date "2015.11.18"]
[Round "7.8"]
[White "Òèòîâ, Åâãåíèé"]
[Black "Ìàòþíèí, Ìàêñèì"]
[Result "1-0"]
[WhiteElo "2057"]
[BlackElo "2136"]
[PlyCount "0"]
[EventDate "2015.11.12"]

1. Nf3 {[%clk 1:20:03]} e6 {[%clk 1:30:55]} 2. d4 {[%clk 1:20:22]} d5
{[%clk 1:31:18]} 3. c4 {[%clk 1:20:45]} Be7 {[%clk 1:31:43]} 4. g3
{[%clk 1:21:03]} Nf6 {[%clk 1:32:09]} 5. Bg2 {[%clk 1:21:28]} O-O
{[%clk 1:32:36]} 6. O-O {[%clk 1:21:46]} b6 {[%clk 1:33:00]} 7. Nc3
{[%clk 1:22:04]} Bb7 {[%clk 1:33:14]} 8. Ne5 {[%clk 1:22:30]} Nbd7
{[%clk 1:31:46]} 9. Qa4 {[%clk 1:22:53]} c5 {[%clk 1:25:41]} 10. Nxd7
{[%clk 1:20:01]} Nxd7 {[%clk 1:22:59]} 11. cxd5 {[%clk 1:20:24]} cxd4
{[%clk 1:22:13]} 12. Qxd4 {[%clk 1:19:05]} Nf6 {[%clk 1:17:48]} 13. Rd1
{[%clk 1:14:13]} Bc5 {[%clk 1:17:15]} 14. Qd3 {[%clk 1:14:37]} exd5
{[%clk 1:00:20]} 15. Nxd5 {[%clk 1:05:11]} Nxd5 {[%clk 0:57:24]} 16. Bxd5
{[%clk 1:05:34]} Bxd5 {[%clk 0:57:45]} 17. Qxd5 {[%clk 1:05:59]} Qf6
{[%clk 0:58:12]} 18. Qf3 {[%clk 0:56:52]} Qg6 {[%clk 0:32:12]} 19. Bd2
{[%clk 0:41:17]} f5 {[%clk 0:23:48]} 20. Bc3 {[%clk 0:40:25]} f4 {[%clk 0:14:49]}
21. Rd7 {[%clk 0:29:50]} fxg3 {[%clk 0:14:49]} 22. Qd5+ {[%clk 0:30:18]} Kh8
{[%clk 0:15:11]} 23. Bxg7+ {[%clk 0:30:35]} Qxg7 {[%clk 0:15:39]} 24. Rxg7
{[%clk 0:30:59]} gxf2+ {[%clk 0:15:45]} 25. Kg2 {[%clk 0:29:37]} Kxg7
{[%clk 0:15:59]} 26. Qg5+ {[%clk 0:25:30]} Kh8 {[%clk 0:15:39]} 27. Qe5+
{[%clk 0:25:54]} Kg8 {[%clk 0:16:05]} 28. b4 {[%clk 0:23:55]} Bxb4
{[%clk 0:09:58]} 29. Qd5+ {[%clk 0:23:56]} Kg7 {[%clk 0:10:20]} 30. Qd4+
{[%clk 0:24:18]} Rf6 {[%clk 0:10:47]} 31. Qxb4 {[%clk 0:24:04]} Raf8
{[%clk 0:11:14]} 32. Qd4 {[%clk 0:20:02]} Kg8 {[%clk 0:11:35]} 33. Rf1
{[%clk 0:19:56]} Rg6+ {[%clk 0:11:58]} 34. Kh1 {[%clk 0:18:11]} Rgf6
{[%clk 0:12:19]} 35. Qe3 {[%clk 0:15:19]} R8f7 {[%clk 0:12:21]} 36. h3
{[%clk 0:14:32]} Kf8 {[%clk 0:12:26]} 37. Qa3+ {[%clk 0:14:41]} Kg7
{[%clk 0:12:01]} 38. Qg3+ {[%clk 0:14:55]} Kf8 {[%clk 0:12:29]} 39. h4
{[%clk 0:12:36]} Rg6 {[%clk 0:11:39]} 40. Qb8+ {[%clk 0:12:50]} Kg7
{[%clk 0:11:42]} 41. Qe5+ {[%clk 0:13:08]} Kg8 {[%clk 0:11:49]} 42. h5
{[%clk 0:11:32]} Rgf6 {[%clk 0:11:34]} 43. Qb8+ {[%clk 0:11:24]} Kg7
{[%clk 0:11:38]} 44. Qg3+ {[%clk 0:11:42]} Kh6 {[%clk 0:11:20]} 45. e4
{[%clk 0:09:13]} Rf4 {[%clk 0:10:08]} 46. e5 {[%clk 0:05:21]} R7f5
{[%clk 0:10:09]} 47. Qe3 {[%clk 0:03:34]} Kxh5 {[%clk 0:09:20]} 48. Qe2+
{[%clk 0:02:29]} Kg5 {[%clk 0:07:03]} 49. e6 {[%clk 0:02:01]} Rh4+
{[%clk 0:02:22]} 50. Kg2 {[%clk 0:02:26]} Rff4 {[%clk 0:02:50]} 51. e7
{[%clk 0:02:05]} Rhg4+ {[%clk 0:02:21]} 52. Qxg4+ {[%clk 0:01:52]} Rxg4+
{[%clk 0:02:49]} 53. Kf3 {[%clk 0:02:21]} Kh4 54. Kg2 Rf4 55. Kh1 Rf5 1-0

[Event "Ïåðâåíñòâî Ìîñêâû ïî øàõìàòàì 2015 ñðåäè ìàëü÷èêîâ (Ì19)"]
[Site "Moscow"]
[Date "2015.11.18"]
[Round "7.9"]
[White "Õðèïà÷, Ãåîðãèé"]
[Black "Áàãäàñàðîâ, Ýäóàðä"]
[Result "0-1"]
[WhiteElo "1715"]
[BlackElo "2003"]
[PlyCount "0"]
[EventDate "2015.11.12"]

1. b3 {[%clk 1:30:58]} c6 {[%clk 1:24:58]} 2. Bb2 {[%clk 1:30:51]} d5
{[%clk 1:25:21]} 3. e3 {[%clk 1:30:28]} Bf5 {[%clk 1:25:13]} 4. Nf3
{[%clk 1:30:34]} e6 {[%clk 1:25:29]} 5. Be2 {[%clk 1:30:30]} Nf6 {[%clk 1:24:36]}
6. O-O {[%clk 1:30:27]} Bd6 {[%clk 1:24:39]} 7. Ne5 {[%clk 1:28:44]} Qc7
{[%clk 1:17:57]} 8. f4 {[%clk 1:29:10]} h6 {[%clk 1:16:42]} 9. d3
{[%clk 1:28:41]} Qb6 {[%clk 1:12:35]} 10. Bd4 {[%clk 1:18:01]} Bc5
{[%clk 1:02:09]} 11. Bxc5 {[%clk 1:13:43]} Qxc5 {[%clk 1:00:32]} 12. d4
{[%clk 1:05:21]} Qxc2 {[%clk 0:59:22]} 13. Qxc2 {[%clk 1:02:02]} Bxc2 14. Nc3
{[%clk 1:01:34]} Nbd7 {[%clk 0:57:20]} 15. Rac1 {[%clk 0:58:08]} Bh7
{[%clk 0:49:33]} 16. Bd3 {[%clk 0:52:38]} Bxd3 {[%clk 0:41:27]} 17. Nxd3
{[%clk 0:53:02]} O-O {[%clk 0:40:08]} 18. Rc2 {[%clk 0:44:36]} Ne8
{[%clk 0:34:37]} 19. Na4 {[%clk 0:33:03]} Nd6 {[%clk 0:34:19]} 20. Nac5
{[%clk 0:28:47]} Nxc5 {[%clk 0:34:00]} 21. Nxc5 {[%clk 0:28:44]} Rfe8
{[%clk 0:33:54]} 22. Re1 {[%clk 0:25:11]} f6 {[%clk 0:33:21]} 23. Nd3
{[%clk 0:20:42]} Rad8 {[%clk 0:32:10]} 24. g3 {[%clk 0:16:55]} Nf7
{[%clk 0:31:07]} 25. Nc5 {[%clk 0:15:04]} Nd6 {[%clk 0:30:30]} 26. Nd3
{[%clk 0:15:07]} Re7 {[%clk 0:30:25]} 27. Rf1 {[%clk 0:12:49]} Nf7
{[%clk 0:28:47]} 28. Rcf2 {[%clk 0:12:29]} e5 {[%clk 0:24:49]} 29. fxe5
{[%clk 0:12:34]} fxe5 {[%clk 0:25:10]} 30. Nxe5 {[%clk 0:10:47]} Nxe5 31. dxe5
{[%clk 0:11:13]} Rde8 {[%clk 0:24:56]} 32. Rf4 {[%clk 0:10:20]} Rxe5
{[%clk 0:25:11]} 33. Rf7 {[%clk 0:10:28]} R5e7 {[%clk 0:25:05]} 34. Rxe7
{[%clk 0:09:55]} Rxe7 {[%clk 0:25:34]} 35. Rf3 {[%clk 0:10:03]} Rf7
{[%clk 0:25:45]} 36. Kf2 {[%clk 0:09:38]} Rxf3+ {[%clk 0:25:32]} 37. Kxf3
{[%clk 0:10:05]} Kf7 {[%clk 0:25:52]} 38. Kf4 {[%clk 0:09:15]} Ke6
{[%clk 0:25:40]} 39. h4 {[%clk 0:09:01]} g6 {[%clk 0:25:52]} 40. g4
{[%clk 0:08:10]} c5 {[%clk 0:25:13]} 41. a3 {[%clk 0:05:53]} a6 {[%clk 0:24:02]}
42. e4 {[%clk 0:04:19]} b5 {[%clk 0:22:43]} 43. g5 {[%clk 0:03:01]} h5
{[%clk 0:22:50]} 44. Ke3 {[%clk 0:03:29]} Ke5 {[%clk 0:21:32]} 45. exd5
{[%clk 0:03:55]} Kxd5 {[%clk 0:21:54]} 46. Kd3 {[%clk 0:04:24]} Ke5
{[%clk 0:21:16]} 47. Ke3 {[%clk 0:01:51]} Kf5 {[%clk 0:20:50]} 48. Kf3
{[%clk 0:02:03]} c4 {[%clk 0:21:16]} 49. bxc4 {[%clk 0:02:24]} bxc4
{[%clk 0:21:45]} 0-1

[Event "Ïåðâåíñòâî Ìîñêâû ïî øàõìàòàì 2015 ñðåäè ìàëü÷èêîâ (Ì19)"]
[Site "Moscow"]
[Date "2015.11.18"]
[Round "7.10"]
[White "Ãðèãîðüÿíö, Îëåã"]
[Black "Ãàðàíèí, Äàíèèë"]
[Result "1-0"]
[WhiteElo "1741"]
[BlackElo "1659"]
[PlyCount "0"]
[EventDate "2015.11.12"]

1. e4 g6 2. d4 Bg7 3. Bc4 e6 4. c3 d5 5. exd5 exd5 6. Bd3 Nf6 7. h3 O-O 8. Nf3
Nbd7 9. O-O b6 10. Bf4 c5 11. Ne5 Bb7 12. Nd2 Nh5 13. Bh2 Nxe5 14. dxe5 Bh8 15.
c4 f5 16. cxd5 Bxd5 17. Be2 Ng7 18. Nc4 Qd7 19. Nd6 Qe6 20. Qa4 Ne8 21. Rfd1 Bxe5
22. Bxe5 Qxe5 23. Nxe8 Qxe8 24. Bb5 Qf7 25. Rxd5 1-0

[Event "Ïåðâåíñòâî Ìîñêâû ïî øàõìàòàì 2015 ñðåäè ìàëü÷èêîâ (Ì19)"]
[Site "Moscow"]
[Date "2015.11.19"]
[Round "8.1"]
[White "Êîâàëåâ, Åãîð"]
[Black "Åëåöêèé, Èâàí"]
[Result "1/2-1/2"]
[WhiteElo "2144"]
[BlackElo "2365"]
[PlyCount "0"]
[EventDate "2015.11.12"]

1. Nf3 {[%clk 1:30:56]} d5 {[%clk 1:30:50]} 2. g3 {[%clk 1:30:55]} Nc6
{[%clk 1:31:02]} 3. d4 {[%clk 1:31:04]} Bg4 {[%clk 1:31:25]} 4. Bg2
{[%clk 1:30:59]} e6 {[%clk 1:31:49]} 5. O-O {[%clk 1:28:16]} Bd6 {[%clk 1:32:11]}
6. c4 {[%clk 1:25:44]} Nf6 {[%clk 1:32:35]} 7. Nc3 {[%clk 1:16:01]} O-O
{[%clk 1:32:59]} 8. cxd5 {[%clk 1:10:27]} Nxd5 {[%clk 1:32:25]} 9. h3
{[%clk 1:03:33]} Bh5 {[%clk 1:32:50]} 10. e3 {[%clk 1:03:56]} Nb6
{[%clk 1:31:24]} 11. b3 {[%clk 1:01:51]} e5 {[%clk 1:31:18]} 12. Bb2
{[%clk 0:53:42]} exd4 {[%clk 1:22:25]} 13. exd4 {[%clk 0:54:03]} Re8
{[%clk 1:21:37]} 14. Qd2 {[%clk 0:51:46]} Qf6 {[%clk 1:16:59]} 15. Qg5
{[%clk 0:50:53]} Qxg5 {[%clk 1:14:37]} 16. Nxg5 {[%clk 0:51:09]} Nxd4
{[%clk 1:13:01]} 17. Bxb7 {[%clk 0:51:30]} Rab8 {[%clk 1:13:19]} 18. Bg2
{[%clk 0:51:23]} Be5 {[%clk 1:10:47]} 19. Rab1 {[%clk 0:49:00]} h6
{[%clk 1:08:04]} 20. f4 {[%clk 0:38:57]} Ne2+ {[%clk 1:07:07]} 21. Nxe2
{[%clk 0:38:26]} Bxe2 {[%clk 1:06:19]} 22. Rf2 {[%clk 0:36:38]} Bd3
{[%clk 1:02:29]} 23. Rd1 {[%clk 0:36:19]} Bxb2 {[%clk 0:58:22]} 24. Rxb2
{[%clk 0:34:45]} Re3 {[%clk 0:50:13]} 25. Nf3 {[%clk 0:28:20]} Nc4
{[%clk 0:44:30]} 26. Rf2 {[%clk 0:28:09]} Nd6 {[%clk 0:44:17]} 27. Rfd2
{[%clk 0:21:50]} Be4 {[%clk 0:39:18]} 28. Kf2 {[%clk 0:22:14]} Rc3
{[%clk 0:39:43]} 29. Re2 {[%clk 0:22:40]} Bd3 {[%clk 0:37:42]} 30. Re3
{[%clk 0:21:01]} Rc2+ {[%clk 0:37:44]} 31. Kg1 {[%clk 0:20:17]} Be4
{[%clk 0:35:44]} 32. Rd2 {[%clk 0:20:10]} Rc1+ {[%clk 0:35:54]} 33. Re1
{[%clk 0:14:50]} Rxe1+ {[%clk 0:35:59]} 34. Nxe1 {[%clk 0:15:45]} a5
{[%clk 0:33:40]} 35. Bxe4 {[%clk 0:12:09]} Nxe4 {[%clk 0:34:06]} 36. Rd3
{[%clk 0:12:33]} f5 {[%clk 0:32:54]} 37. Kg2 {[%clk 0:11:47]} a4 {[%clk 0:33:03]}
38. g4 {[%clk 0:09:16]} axb3 {[%clk 0:30:46]} 39. Rxb3 {[%clk 0:09:19]} Ra8
{[%clk 0:30:07]} 40. a3 {[%clk 0:09:14]} fxg4 {[%clk 0:29:17]} 41. hxg4
{[%clk 0:09:36]} c5 {[%clk 0:28:58]} 42. Re3 {[%clk 0:07:56]} Ra4
{[%clk 0:28:14]} 43. Nf3 {[%clk 0:06:58]} Nf6 {[%clk 0:27:55]} 44. Kg3
{[%clk 0:06:43]} g5 {[%clk 0:23:40]} 45. fxg5 {[%clk 0:06:52]} Rxg4+
{[%clk 0:23:33]} 46. Kh3 {[%clk 0:06:45]} hxg5 {[%clk 0:23:54]} 47. Re5
{[%clk 0:06:58]} c4 {[%clk 0:23:26]} 48. Rc5 {[%clk 0:05:38]} Re4
{[%clk 0:20:12]} 49. Nxg5 {[%clk 0:05:27]} Re3+ {[%clk 0:20:28]} 50. Kg2
{[%clk 0:05:46]} c3 {[%clk 0:20:31]} 51. Rc4 {[%clk 0:05:08]} Nd5
{[%clk 0:18:46]} 52. Kf2 {[%clk 0:05:02]} Rd3 {[%clk 0:17:11]} 53. Ne4
{[%clk 0:04:05]} c2 {[%clk 0:17:14]} 54. Rxc2 {[%clk 0:03:29]} Rxa3
{[%clk 0:17:40]} 1/2-1/2

[Event "Ïåðâåíñòâî Ìîñêâû ïî øàõìàòàì 2015 ñðåäè ìàëü÷èêîâ (Ì19)"]
[Site "Moscow"]
[Date "2015.11.19"]
[Round "8.2"]
[White "Òàðàñîâ, Àëåêñàíäð"]
[Black "Ìèõàéëîâñêèé, Âëàäèìèð"]
[Result "1-0"]
[WhiteElo "2286"]
[BlackElo "2126"]
[PlyCount "0"]
[EventDate "2015.11.12"]

1. Nf3 {[%clk 1:26:36]} Nf6 {[%clk 1:30:51]} 2. c4 {[%clk 1:27:02]} e6
{[%clk 1:31:04]} 3. g3 {[%clk 1:27:28]} b6 {[%clk 1:31:28]} 4. Bg2
{[%clk 1:27:52]} Bb7 {[%clk 1:31:53]} 5. O-O {[%clk 1:28:17]} Be7
{[%clk 1:32:18]} 6. Nc3 {[%clk 1:28:39]} O-O {[%clk 1:32:36]} 7. Re1
{[%clk 1:29:05]} Ne4 {[%clk 1:31:33]} 8. Nxe4 {[%clk 1:28:01]} Bxe4
{[%clk 1:32:00]} 9. d3 {[%clk 1:28:26]} Bb7 {[%clk 1:32:09]} 10. e4
{[%clk 1:27:35]} c5 {[%clk 1:32:17]} 11. d4 {[%clk 1:27:32]} cxd4
{[%clk 1:27:47]} 12. Nxd4 {[%clk 1:27:43]} d6 {[%clk 1:27:49]} 13. b3
{[%clk 1:25:04]} a6 {[%clk 1:26:57]} 14. Bb2 {[%clk 1:17:36]} Qc7
{[%clk 1:26:32]} 15. Qg4 {[%clk 1:11:16]} g6 {[%clk 1:25:50]} 16. Rad1
{[%clk 1:02:25]} Nd7 {[%clk 1:24:14]} 17. h4 {[%clk 0:50:19]} Rad8
{[%clk 1:22:13]} 18. Qe2 {[%clk 0:40:09]} Rfe8 {[%clk 1:17:31]} 19. h5
{[%clk 0:32:12]} Bf6 {[%clk 1:11:10]} 20. Qd2 {[%clk 0:26:29]} Ba8
{[%clk 1:01:00]} 21. Ne2 {[%clk 0:21:42]} Bxb2 {[%clk 0:54:10]} 22. Qxb2
{[%clk 0:21:58]} Qc5 {[%clk 0:48:28]} 23. Nf4 {[%clk 0:17:24]} a5
{[%clk 0:41:58]} 24. Rd2 {[%clk 0:15:07]} Qe5 {[%clk 0:32:45]} 25. hxg6
{[%clk 0:05:07]} hxg6 {[%clk 0:33:03]} 26. Qxe5 {[%clk 0:03:58]} dxe5
{[%clk 0:32:49]} 27. Nd3 {[%clk 0:02:54]} Nb8 {[%clk 0:32:09]} 28. Red1
{[%clk 0:02:31]} Nc6 {[%clk 0:32:28]} 29. Nc1 {[%clk 0:01:05]} Kf8
{[%clk 0:24:33]} 30. Ne2 {[%clk 0:01:03]} Rxd2 {[%clk 0:23:48]} 31. Rxd2
{[%clk 0:01:32]} Ke7 {[%clk 0:24:17]} 32. Kf1 {[%clk 0:01:26]} Rh8
{[%clk 0:24:05]} 33. Nc3 {[%clk 0:01:25]} Nd4 {[%clk 0:23:26]} 34. f4
{[%clk 0:01:27]} Rh2 {[%clk 0:22:43]} 35. fxe5 {[%clk 0:01:32]} Nf3
{[%clk 0:23:00]} 36. Rd6 {[%clk 0:01:32]} Nxe5 {[%clk 0:21:24]} 37. Rxb6
{[%clk 0:02:01]} f5 {[%clk 0:21:18]} 38. Kg1 {[%clk 0:01:37]} Rh8
{[%clk 0:21:17]} 39. Ra6 {[%clk 0:01:14]} Ng4 {[%clk 0:20:24]} 40. Rxa5
{[%clk 0:01:18]} Rd8 {[%clk 0:20:25]} 41. Ra7+ {[%clk 0:01:16]} Kf6
{[%clk 0:20:51]} 42. e5+ {[%clk 0:01:06]} Kxe5 {[%clk 0:21:18]} 43. Bxa8 Rd3
{[%clk 0:21:46]} 44. Ne2 {[%clk 0:00:52]} Re3 {[%clk 0:22:15]} 45. Kf1
{[%clk 0:01:01]} Rd3 {[%clk 0:22:13]} 46. Ke1 {[%clk 0:00:58]} Ne3
{[%clk 0:22:22]} 47. Bf3 {[%clk 0:00:41]} g5 {[%clk 0:22:51]} 48. Nc1
{[%clk 0:00:36]} Nc2+ {[%clk 0:23:10]} 49. Ke2 {[%clk 0:00:57]} Rd8
{[%clk 0:22:26]} 50. Nd3+ {[%clk 0:01:04]} Kd4 {[%clk 0:22:41]} 51. Ne1
{[%clk 0:01:06]} Nxe1 {[%clk 0:20:48]} 52. Kxe1 {[%clk 0:00:54]} Ke3
{[%clk 0:21:17]} 53. Bc6 {[%clk 0:01:00]} Rd6 {[%clk 0:20:32]} 54. Bh1
{[%clk 0:00:54]} e5 {[%clk 0:20:43]} 55. Re7 {[%clk 0:00:59]} e4 {[%clk 0:20:38]}
56. g4 {[%clk 0:01:19]} Rh6 {[%clk 0:21:03]} 57. Bg2 {[%clk 0:01:36]} f4
{[%clk 0:21:18]} 58. Rxe4+ {[%clk 0:02:00]} Kd3 {[%clk 0:21:47]} 59. Re5
{[%clk 0:02:11]} Ra6 {[%clk 0:22:02]} 60. a4 {[%clk 0:01:58]} Rb6
{[%clk 0:22:29]} 61. Rxg5 {[%clk 0:01:49]} Rxb3 {[%clk 0:22:49]} 62. Kf2
{[%clk 0:02:11]} Rb2+ {[%clk 0:23:07]} 63. Kf3 {[%clk 0:02:39]} Kxc4
{[%clk 0:23:36]} 64. a5 {[%clk 0:02:50]} Kd4 {[%clk 0:23:51]} 65. Rf5
{[%clk 0:03:11]} Ke4+ 66. a6+ 1-0

[Event "Ïåðâåíñòâî Ìîñêâû ïî øàõìàòàì 2015 ñðåäè ìàëü÷èêîâ (Ì19)"]
[Site "Moscow"]
[Date "2015.11.19"]
[Round "8.3"]
[White "Ñàëüìàí, Ïàâåë"]
[Black "Àëåêñàíäðîâñêèé, Äìèòðèé"]
[Result "1/2-1/2"]
[WhiteElo "2196"]
[BlackElo "2183"]
[PlyCount "0"]
[EventDate "2015.11.12"]

1. Nf3 {[%clk 1:30:57]} c5 {[%clk 1:24:02]} 2. c4 {[%clk 1:31:14]} g6
{[%clk 1:24:22]} 3. Nc3 {[%clk 1:30:55]} Bg7 {[%clk 1:24:40]} 4. g3
{[%clk 1:31:04]} Nc6 {[%clk 1:24:51]} 5. Bg2 {[%clk 1:31:03]} e6 {[%clk 1:24:58]}
6. O-O {[%clk 1:27:54]} Nge7 {[%clk 1:25:18]} 7. d3 {[%clk 1:24:36]} O-O
{[%clk 1:24:27]} 8. Bf4 {[%clk 1:20:34]} d6 {[%clk 1:19:52]} 9. Qc1
{[%clk 1:11:37]} b6 {[%clk 1:14:30]} 10. Rb1 {[%clk 1:00:49]} Bb7
{[%clk 1:08:31]} 11. g4 {[%clk 0:59:26]} Qd7 {[%clk 1:06:14]} 12. Bh6
{[%clk 0:57:03]} e5 {[%clk 0:58:31]} 13. Bxg7 {[%clk 0:52:43]} Kxg7
{[%clk 0:58:44]} 14. g5 {[%clk 0:51:09]} Nd4 {[%clk 0:56:55]} 15. e4
{[%clk 0:47:07]} f6 {[%clk 0:46:10]} 16. Nxd4 {[%clk 0:45:05]} cxd4
{[%clk 0:45:50]} 17. gxf6+ {[%clk 0:43:48]} Rxf6 {[%clk 0:46:07]} 18. Ne2
{[%clk 0:43:44]} Raf8 {[%clk 0:42:25]} 19. b4 {[%clk 0:37:38]} Qg4
{[%clk 0:40:00]} 20. Ng3 {[%clk 0:36:56]} Bc8 {[%clk 0:36:31]} 21. Rb2
{[%clk 0:25:39]} Qh4 {[%clk 0:30:23]} 22. c5 {[%clk 0:19:11]} dxc5
{[%clk 0:28:36]} 23. bxc5 {[%clk 0:19:40]} Rc6 {[%clk 0:28:33]} 24. Rc2
{[%clk 0:20:00]} b5 {[%clk 0:27:01]} 25. Qb2 {[%clk 0:18:42]} a6 {[%clk 0:25:59]}
26. a4 {[%clk 0:17:34]} bxa4 {[%clk 0:25:49]} 27. Ra1 {[%clk 0:17:41]} Qg4
{[%clk 0:20:23]} 28. Rxa4 {[%clk 0:13:08]} Qd1+ {[%clk 0:19:38]} 29. Bf1
{[%clk 0:13:16]} h5 {[%clk 0:19:15]} 30. Qc1 {[%clk 0:08:02]} Qxc1
{[%clk 0:17:14]} 31. Rxc1 {[%clk 0:08:31]} Rcf6 {[%clk 0:17:23]} 32. Nh1
{[%clk 0:07:03]} Bd7 {[%clk 0:16:54]} 33. c6 {[%clk 0:04:48]} Rxc6
{[%clk 0:16:54]} 34. Rxc6 {[%clk 0:05:09]} Nxc6 {[%clk 0:16:49]} 35. Rxa6
{[%clk 0:05:37]} Nd8 {[%clk 0:11:15]} 36. Ra5 {[%clk 0:04:31]} Kf6
{[%clk 0:10:45]} 37. Ng3 {[%clk 0:04:30]} h4 {[%clk 0:09:12]} 38. Ne2
{[%clk 0:04:31]} Bg4 {[%clk 0:08:02]} 39. f4 {[%clk 0:04:45]} Ne6
{[%clk 0:07:40]} 40. fxe5+ {[%clk 0:04:15]} Kg5 {[%clk 0:08:01]} 41. Ra4
{[%clk 0:03:47]} Bxe2 42. Bxe2 Kf4 {[%clk 0:06:28]} 43. Ra6 {[%clk 0:02:28]} Kxe5
{[%clk 0:05:46]} 44. Bg4 {[%clk 0:02:32]} Nf4 45. Ra5+ Kf6 {[%clk 0:05:25]} 46.
Bd1 {[%clk 0:00:40]} Rb8 {[%clk 0:04:39]} 47. e5+ {[%clk 0:00:40]} Kf5
{[%clk 0:04:27]} 48. Ba4 {[%clk 0:00:37]} Rb1+ {[%clk 0:04:14]} 49. Kf2
{[%clk 0:01:06]} Nxd3+ {[%clk 0:03:11]} 50. Ke2 {[%clk 0:01:35]} Nf4+
{[%clk 0:02:30]} 51. Kf2 {[%clk 0:01:59]} Rh1 {[%clk 0:00:55]} 52. Bd7+
{[%clk 0:02:10]} Kg5 {[%clk 0:01:24]} 53. e6+ {[%clk 0:02:06]} Kf6
{[%clk 0:01:41]} 54. Kf3 {[%clk 0:01:57]} Nh5 {[%clk 0:00:56]} 55. Rd5
{[%clk 0:01:06]} Rf1+ {[%clk 0:00:48]} 56. Ke4 {[%clk 0:01:35]} Rh1
{[%clk 0:00:49]} 57. Rxd4 {[%clk 0:01:29]} Rxh2 {[%clk 0:01:02]} 58. Kf3
{[%clk 0:01:43]} Ng7 {[%clk 0:00:59]} 59. Rf4+ {[%clk 0:01:46]} Nf5
{[%clk 0:00:38]} 60. e7 {[%clk 0:01:32]} Rh3+ {[%clk 0:00:44]} 61. Kf2
{[%clk 0:01:26]} Kxe7 {[%clk 0:01:04]} 62. Bxf5 {[%clk 0:01:50]} 1/2-1/2